Statistics for Belgium World Cup 2014 squad

Click here to take the quiz!

General Stats

  • This quiz has been taken 1,788 times
    (1,668 since last reset)
  • The average score is 16 of 24

Answer Stats

Answer % Correct
FWEden HazardChelsea
93%
FWRomelu LukakuEverton
93%
GKThibaut CourtoisAtlético Madrid
91%
DFVincent KompanyManchester City
88%
MDMarouane FellainiManchester United
87%
GKSimon MignoletLiverpool
86%
DFJan VertonghenTottenham
82%
FWDries MertensNapoli
80%
MDKevin De BruyneWolfsburg
79%
MDAxel WitselZenith St Petersburg
79%
FWKevin MirallasEverton
72%
MDMoussa DembéléTottenham
71%
DFToby AlderweireldAtlético Madrid
70%
DFThomas VermaelenArsenal
70%
MDAdnan JanuzajManchester United
63%
DFDaniel Van BuytenBayern Munich
62%
FWDivock OrigiLille
62%
MDNacer ChadliTottenham
58%
COACHMarc Wilmots/
49%
MDSteven DefourFC Porto
49%
DFNicolas LombaertsZenith St Petersburg
45%
DFLaurent CimanStandard Liège
34%
DFAnthony Vanden BorreAnderlecht
32%
GKSammy BossutZulte Waregem
26%

Score Distribution

Percentile by Number Answered

Percent of People with Each Score

Your Score History

You have not taken this quiz since the last reset